000 01282nam a2200313 i 4500
001 103114
003 ES-MaACL
005 20250624062921.0
007 t|
008 060113s1966 sp ||||1| spa d
040 _cES-MaACL
080 _a75 Fierros, Dionisio (083.82)
100 1 _aFierros, Dionisio,
_950720
_d1827-1894
_eaut
245 1 0 _aFierros :
_b[exposición, Sala de Santa Catalina del Ateneo de Madrid, octubre y noviembre de 1966] /
_c[texto, Dionisio Gamallo Fierros].
260 _a[Madrid] :
_bPublicaciones Españolas,
_c[1966]
300 _a[40] páginas :
_bilustraciones ;
_c28 cm.
490 1 _aCuadernos de arte. Colección ordinaria ;
_v233
600 1 4 _aFierros, Dionisio,
_d1827-1894-
_vExposiciones
_950721
610 2 4 _aAteneo de Madrid-
_vExposiciones-
_y1960-1969.
_91920
655 7 _2tgfbne
_9193628
_aCatálogos de exposiciones
700 1 _aGamallo Fierros, Dionisio,
_d1914-2000
_953740
_eaut
710 2 _aAteneo de Madrid.
_bSala de Santa Catalina.
_91964
_ehis
830 0 _aCuadernos de arte. Colección ordinaria
_v233
_9180064
852 _aES-MaACL
_j2202-F-1
_9106980
_bR.136221
_cDEPOF
852 _aES-MaACL
_cSPP3
_jG-13304(11).
942 _cFOLLETOS
_n0
999 _c103114
_d103114